000 02975cam a22007337i 4500
001 3182
003 FISKH
005 20240215160254.0
008 170407t20162015nyuab j 000 1 eng d
010 _a 2016479939
020 _a9780545940795
_q(paperback)
020 _a0545940796
_q(paperback)
020 _a9781408338858
035 _a(OCoLC)ocn922911190
040 _aBTCTA
_beng
_cBTCTA
_dYDXCP
_dOCLCQ
_dBDX
_erda
_dGK6
_dOCLCO
_dYW6
_dOCLCO
_dCGP
_dOCLCF
_dOCLCO
_dIGP
_dOCLCO
_dRV8
_dBPLCP
_dOCLCO
_dEHH
_dDLC
042 _alccopycat
050 0 0 _aPZ7.M507
_bGt 2016
082 0 4 _a[Fic]
_223
100 1 _aMeadows, Daisy,
245 1 0 _aGrace Woollyhop's musical mystery /
_cDaisy Meadows
260 _aLondon :
_bOrchard Books,
_c2015.
300 _a104 pages :
_bmap ; illustrations ;
_c20 cm
336 _atext
_btxt
_2rdacontent
337 _aunmediated
_bn
_2rdamedia
338 _avolume
_bnc
_2rdacarrier
490 1 _aMagic animal friends ;
_vBook 12
500 _aIncludes: Excerpt from Amelia Sparkepaw's party problem ; Puzzle fun! ; Lily and Jess's animal facts.
505 _aQ
520 _a"Little lamb Grace Woollyhop is busy getting ready for a concert at Harmony Hall-- until wicked witch Grizelda casts a spell on her! Now instead of making music, Grace just wants to make trouble! Can Jess and Lily break the spell in time for the concert?"--Publisher.
521 _a660
_bLexile
521 _aQ
_bRaz-Plus
650 0 _aGirls
_vJuvenile fiction.
650 0 _aAnimals
_vJuvenile fiction.
650 0 _aCats
_vJuvenile fiction.
650 0 _aLambs
_vJuvenile fiction.
650 0 _aHuman-animal relationships
_vJuvenile fiction.
650 0 _aFriendship
_vJuvenile fiction.
650 0 _aWitches
_vJuvenile fiction.
650 0 _aGood and evil
_vJuvenile fiction.
650 0 _aImaginary places
_vJuvenile fiction.
650 0 _aMagic
_vJuvenile fiction.
650 1 _aSheep
_vFiction.
650 1 _aConcerts
_vFiction.
650 1 _aMagic
_vFiction.
650 1 _aFantasy.
650 7 _aAnimals.
_2fast
_0(OCoLC)fst00809468
650 7 _aCats.
_2fast
_0(OCoLC)fst00849374
650 7 _aFriendship.
_2fast
_0(OCoLC)fst00935174
650 7 _aGirls.
_2fast
_0(OCoLC)fst00942866
650 7 _aGood and evil.
_2fast
_0(OCoLC)fst00944894
650 7 _aHuman-animal relationships.
_2fast
_0(OCoLC)fst00963482
650 7 _aImaginary places.
_2fast
_0(OCoLC)fst00967571
650 7 _aLambs.
_2fast
_0(OCoLC)fst00991032
650 7 _aMagic.
_2fast
_0(OCoLC)fst01005468
650 7 _aWitches.
_2fast
_0(OCoLC)fst01176346
655 7 _aAction and adventure fiction.
_2fast
_0(OCoLC)fst01921574
655 7 _aFantasy fiction.
_2fast
_0(OCoLC)fst01726607
655 7 _aFiction.
_2fast
_0(OCoLC)fst01423787
655 7 _aJuvenile works.
_2fast
_0(OCoLC)fst01411637
655 7 _aFantasy fiction.
_2lcgft
655 7 _aAction and adventure fiction.
_2lcgft
906 _a7
_bcbc
_ccopycat
_d2
_encip
_f20
_gy-gencatlg
942 _2ddc
_cBK
_n0
999 _c3182
_d3182